Statistics for Most Common US Last Names - Alphabetic Order

Click here to take the quiz!

General Stats

  • This quiz has been taken 2,556 times
  • The average score is 190 of 500

Answer Stats

#name% Correct
1,857,160Johnson
88%
1,380,145Brown
86%
2,376,206Smith
86%
77,453Le
85%
150,186Black
84%
413,086Adams
81%
762,394Anderson
81%
666,125Jackson
81%
1,534,042Williams
80%
1,362,755Jones
79%
639,515White
79%
413,477Green
76%
593,542Harris
76%
233,224James
76%
605,860Lee
76%
710,696Thomas
76%
672,711Martin
75%
366,215Roberts
74%
175,577Harrison
73%
1,127,803Miller
73%
134,231Peters
73%
362,548Carter
72%
1,072,335Davis
71%
125,653Richards
71%
783,051Wilson
71%
129,320Andrews
70%
65,918Frank
69%
720,370Taylor
69%
644,368Thompson
69%
463,368Allen
67%
81,890Park
67%
275,041Peterson
67%
102,044Davidson
65%
317,070Edwards
65%
150,299Robertson
65%
75,135Daniel
64%
438,986King
64%
163,036Washington
64%
65,719Chan
63%
236,713Gray
63%
509,930Lewis
63%
324,246Parker
63%
181,417Stevens
63%
548,369Clark
62%
178,397Ford
62%
858,289Garcia
62%
621,536Lopez
62%
176,094McDonald
62%
311,754Morris
62%
249,533Richardson
62%
138,776Daniels
61%
775,072Martinez
61%
413,351Baker
60%
270,097Cooper
60%
119,778George
60%
134,034Grant
60%
706,372Hernandez
60%
411,770Hill
60%
465,948Young
60%
72,248Paul
59%
503,028Robinson
59%
81,524Bush
58%
698,671Moore
58%
804,240Rodriguez
58%
342,237Evans
57%
171,636Kennedy
57%
62,534Tyler
57%
247,299Wood
57%
188,464West
56%
473,568Hall
55%
124,839Matthews
55%
193,443Alexander
54%
114,859Franklin
54%
264,752Bell
53%
69,756Chang
53%
412,236Nelson
53%
220,902Sanders
53%
263,590Gomez
52%
260,385Kelly
52%
117,939Morrison
52%
72,892Stevenson
52%
501,307Walker
52%
113,892Carr
51%
151,986Hunt
51%
194,067Kim
51%
111,641Oliver
51%
60,461Owen
51%
158,241Simpson
51%
242,432Watson
51%
317,848Collins
50%
597,718Gonzalez
50%
161,392Henry
50%
101,726May
50%
351,848Phillips
50%
294,403Rogers
50%
139,335Ryan
50%
420,091Scott
50%
112,216Williamson
50%
168,814Woods
50%
187,793Cole
49%
181,934Ellis
49%
139,302Fernandez
49%
197,212Jordan
49%
124,321Lawrence
49%
223,494Long
49%
155,484Mason
49%
276,400Morgan
49%
128,794Ray
49%
146,924Rose
49%
138,742Stephens
49%
104,281Walters
49%
210,094Henderson
48%
254,779Howard
48%
154,410Hunter
48%
115,540Jacobs
48%
367,433Mitchell
48%
310,125Nguyen
48%
105,544Chen
47%
219,961Ross
47%
441,242Sanchez
47%
440,367Wright
47%
265,916Bailey
46%
77,561Ball
46%
84,233Benson
46%
131,289Bradley
46%
132,466Hart
46%
128,935Johnston
46%
212,644Perry
46%
156,848Porter
46%
294,795Cook
45%
101,676Day
45%
74,784Dennis
45%
210,279Fisher
45%
194,074Graham
45%
81,022Mann
45%
176,334Owens
45%
488,521Perez
45%
388,987Ramirez
45%
267,443Reed
45%
74,839Simon
45%
312,899Stewart
45%
93,161Beck
44%
109,230Dean
44%
96,425Douglas
44%
147,357Fox
44%
194,331Hamilton
44%
150,166Holmes
44%
60,999Marsh
44%
67,570Wang
44%
113,160Austin
43%
85,221Barker
43%
71,175Brady
43%
240,751Brooks
43%
154,934Gordon
43%
119,604Greene
43%
229,390Hughes
43%
141,936Nichols
43%
198,557Patterson
43%
195,598Reynolds
43%
149,802Stone
43%
335,663Turner
43%
210,426Barnes
42%
69,279Blake
42%
162,153Burns
42%
231,065Cruz
42%
80,190Dawson
42%
103,242Fields
42%
71,723Francis
42%
119,868Harper
42%
213,737Jenkins
42%
147,909Mills
42%
300,501Murphy
42%
71,103Potter
42%
125,627Willis
42%
239,055Bennett
41%
129,405Berry
41%
183,761Bryant
41%
253,771Cox
41%
221,040Foster
41%
162,686Freeman
41%
184,420Gibson
41%
109,079Hanson
41%
187,473Hayes
41%
80,030Joseph
41%
131,860Knight
41%
62,034Leon
41%
100,417Lucas
41%
177,213Marshall
41%
74,531Quinn
41%
147,906Warren
41%
170,635Wells
41%
168,817Alvarez
40%
371,953Campbell
40%
251,772Diaz
40%
74,756O'Connor
40%
136,517Pierce
40%
201,650Simmons
40%
190,760Wallace
40%
65,817Waters
40%
99,392Wong
40%
62,546Clarke
39%
208,624Coleman
39%
88,810Gregory
39%
59,843Lang
39%
78,323Love
39%
115,385O'Brien
39%
163,502Olson
39%
228,756Price
39%
136,315Arnold
38%
68,309Farmer
38%
193,934Gonzales
38%
115,186Lawson
38%
127,960Riley
38%
129,982Armstrong
37%
76,114Chandler
37%
128,727Lane
37%
102,718Little
37%
64,576Logan
37%
100,491Newman
37%
85,212Norris
37%
145,066Patel
37%
210,879Butler
36%
120,124Carlson
36%
138,660Gardner
36%
68,699Gill
36%
112,136Harvey
36%
130,793Hudson
36%
89,198Leonard
36%
89,178Lowe
36%
149,664Meyer
36%
81,933Miles
36%
65,269Norman
36%
86,346Parks
36%
78,141Robbins
36%
215,432Russell
36%
93,817Stanley
36%
72,627Yang
36%
107,158Burton
35%
152,015Dixon
35%
106,682Fuller
35%
190,636Griffin
35%
72,328Newton
35%
150,407Palmer
35%
104,007Reid
35%
155,172Shaw
35%
325,169Torres
35%
162,933Tucker
35%
99,294Banks
34%
93,743Bates
34%
87,226Cohen
34%
80,932Fletcher
34%
107,777Garrett
34%
79,685Klein
34%
121,064Larson
34%
61,154Lloyd
34%
178,414Murray
34%
224,824Myers
34%
73,021Rodgers
34%
145,565Schmidt
34%
72,642Singh
34%
103,216Walsh
34%
254,121Ward
34%
95,896Barrett
33%
88,114Becker
33%
149,476Boyd
33%
124,614Chapman
33%
62,335Conner
33%
130,419Duncan
33%
132,457Elliott
33%
73,522Fitzgerald
33%
312,615Flores
33%
71,482Goodman
33%
87,038Jennings
33%
67,154Mack
33%
112,736Mendez
33%
61,805Norton
33%
214,683Ortiz
33%
215,640Sullivan
33%
163,481Webb
33%
80,944Zimmerman
33%
92,287Barnett
32%
114,034Bishop
32%
75,135Blair
32%
119,175Burke
32%
127,073Carpenter
32%
158,121Crawford
32%
98,958Curtis
32%
64,141Floyd
32%
72,052Garner
32%
112,406Gilbert
32%
77,429Griffith
32%
82,955Hale
32%
112,332Jensen
32%
94,300Keller
32%
72,069Manning
32%
216,553Powell
32%
146,440Rice
32%
100,553Schneider
32%
81,824Warner
32%
77,492Cortez
31%
136,955Dunn
31%
70,095Fischer
31%
102,620Fowler
31%
63,149French
31%
62,514Gibbs
31%
212,905Gutierrez
31%
133,474Hansen
31%
232,511Reyes
31%
175,429Ruiz
31%
67,210Saunders
31%
84,699Schwartz
31%
134,443Spencer
31%
76,504Barber
30%
66,622Barton
30%
131,020Carroll
30%
80,936Erickson
30%
76,608Hardy
30%
83,849Neal
30%
98,728Pearson
30%
71,754Reese
30%
66,205Rowe
30%
107,244Sims
30%
154,516Wagner
30%
86,228Watts
30%
79,151Baldwin
29%
185,865Chavez
29%
75,134Cross
29%
142,256Ferguson
29%
70,333Goodwin
29%
74,285Gross
29%
84,710Holt
29%
157,475Jimenez
29%
68,785Juarez
29%
137,555Kelley
29%
65,779Maxwell
29%
106,481McCoy
29%
73,750Moss
29%
80,493Page
29%
66,203Parsons
29%
138,028Payne
29%
59,801Pratt
29%
69,840Sherman
29%
92,834Wade
29%
107,866Weber
29%
63,739Cobb
28%
89,591Craig
28%
73,518Doyle
28%
153,618Hicks
28%
132,645Hoffman
28%
64,305Mueller
28%
126,951Perkins
28%
133,254Castro
27%
131,896Cunningham
27%
71,344Curry
27%
82,179Graves
27%
109,634Howell
27%
112,144Montgomery
27%
90,208Nunez
27%
193,096Ramos
27%
299,463Rivera
27%
122,447Watkins
27%
70,123Webster
27%
61,400Yates
27%
71,528Adkins
26%
100,465Brewer
26%
64,815Casey
26%
90,325Chambers
26%
76,707Cummings
26%
61,747Flynn
26%
67,063Hammond
26%
134,066Hawkins
26%
99,885Holland
26%
94,603Hopkins
26%
83,523Horton
26%
81,035McCarthy
26%
86,317McDaniel
26%
71,925McGee
26%
217,642Morales
26%
79,817Reeves
26%
104,962Schultz
26%
83,437Terry
26%
69,810Todd
26%
159,989Vasquez
26%
85,037Vaughn
26%
70,997Walton
26%
138,811Weaver
26%
68,905Wolf
26%
67,923Cannon
25%
83,731Dominguez
25%
66,665Ingram
25%
61,750Pope
25%
90,401Powers
25%
98,993Santos
25%
76,868Sharp
25%
84,353Steele
25%
105,804Welch
25%
121,684Wheeler
25%
76,477Acosta
24%
126,399Aguilar
24%
102,239Bowman
24%
63,825Buchanan
24%
88,811Byrd
24%
165,473Castillo
24%
72,414Harmon
24%
63,827Hartman
24%
63,023Kramer
24%
114,448Lynch
24%
65,802Osborne
24%
90,967Santiago
24%
159,363Snyder
24%
69,843Avila
23%
77,078Bowen
23%
64,496Bowers
23%
91,338Caldwell
23%
71,144Christensen
23%
98,675Delgado
23%
87,949Fleming
23%
68,075Gallagher
23%
66,378Hampton
23%
82,037Haynes
23%
82,258Lyons
23%
168,567Mendoza
23%
117,774Munoz
23%
93,131Ortega
23%
88,326Shelton
23%
126,164Silva
23%
87,728Vega
23%
93,723Alvarado
22%
61,979Bauer
22%
65,598DeLeon
22%
88,325Frazier
22%
65,131Harrington
22%
140,786Herrera
22%
78,107Higgins
22%
61,651Hogan
22%
90,618Lambert
22%
69,257Malone
22%
62,116McGuire
22%
73,128McLaughlin
22%
146,088Moreno
22%
76,625Ramsey
22%
88,917Rhodes
22%
76,539Swanson
22%
67,208Tate
22%
136,095Tran
22%
98,610Valdez
22%
66,515Ayala
21%
68,046Duran
21%
118,390Guzman
21%
76,127Luna
21%
88,016Maldonado
21%
79,951Marquez
21%
62,663McCormick
21%
80,616McKinney
21%
64,772Patton
21%
59,949Pham
21%
153,772Romero
21%
106,631Soto
21%
84,926Vazquez
21%
66,738Wise
21%
83,112Wolfe
21%
69,950Campos
20%
79,322Espinoza
20%
92,831Estrada
20%
60,874McBride
20%
67,646Miranda
20%
78,546Moran
20%
60,045Solis
20%
62,234Sparks
20%
81,191Thornton
20%
66,853Townsend
20%
123,952Vargas
20%
71,604Burgess
19%
72,533Figueroa
19%
64,180Glover
19%
94,152Guerrero
19%
68,021Hubbard
19%
61,199Lindsey
19%
139,353Medina
19%
70,286Mullins
19%
73,970Navarro
19%
98,345Pena
19%
96,569Rios
19%
61,619Robles
19%
66,412Schroeder
19%
87,373Sutton
19%
92,660Contreras
18%
68,145Hines
18%
68,868Hodges
18%
70,211Molina
18%
73,071Rojas
18%
67,054Carrillo
17%
124,130Garza
17%
62,344Moody
17%
81,805Padilla
17%
96,303Sandoval
17%
65,814Strickland
17%
66,534Mejia
16%
61,582Salinas
16%
113,468Salazar
15%

Score Distribution

Percentile by Number Answered

Percent of People with Each Score

Your Score History

You have not taken this quiz